000 00459nam a22001817a 4500
003 MPLRDC
005 20220104124151.0
008 210129b ||||| |||| 00| 0 eng d
020 _a7-80579-054-X
082 _a876 DZM-3
100 _aALEXANDRA DUMAS PERE 大仲马
245 _a四侠剑
_c傅辛 改写
250 _a一版一刷
260 _a
_b百花洲文艺出版社
_c1990
300 _b
650 _a法国文学
942 _cBK
_o876 DZM-3
999 _c17163
_d17153